Emmanuel Chabrier and his circle
Guardat en:
| Autor principal: | |
|---|---|
| Format: | Llibre |
| Idioma: | anglès |
| Publicat: |
Londres
J. M. Dent
1969
|
| Matèries: | |
| Etiquetes: |
Afegir etiqueta
Sense etiquetes, Sigues el primer a etiquetar aquest registre!
|
MARC
| LEADER | 00000nam a2200000 a 4500 | ||
|---|---|---|---|
| 001 | UCW2336 | ||
| 003 | CL-VaPUC | ||
| 005 | 20231106105651.0 | ||
| 008 | 890710e19690000UK |||||||||||||||||eng|d | ||
| 999 | |c 216893 |d 216891 | ||
| 040 | |c Pontificia Universidad Católica de Valparaíso | ||
| 082 | 0 | 4 | |a 780.92 MYE 1969 |2 21 |
| 100 | 0 | |a Myers, Rollo |e author |9 306358 | |
| 245 | 1 | 0 | |a Emmanuel Chabrier and his circle |
| 260 | |a Londres |b J. M. Dent |c 1969 | ||
| 300 | |a 178 p | ||
| 583 | |a last modification |c 19890710 00:00:00 |k Rodrigo Vera | ||
| 600 | 0 | |a Chabrier, Emmanuel Alexis |2 CL-VaPUC |9 306359 |d 1841-1894 | |
| 650 | 0 | |9 328980 |a Compositores franceses | |
| 650 | 0 | |9 306753 |a Romanticismo en la música | |
| 942 | |c BK |2 ddc | ||
| 945 | |d 19890710 00:00:00 | ||
| 952 | |0 0 |1 0 |4 0 |6 780_920000000000000_MYE_1969 |7 0 |8 A |9 203293 |a BIBEDU |b BIBEDU |d 2019-11-15 |i 270546K |o 780.92 MYE 1969 |p 270546K |r 2023-01-12 |w 2019-11-15 |y BK |k MUS | ||